Repowering Cities : Governing Climate Change Mitigation in New York City, Los Angeles, and Toronto /
"Provides a framework and analysis of urban climate change governance and identifies strategies for moving from incremental to transformative change in cities"--
| Autor principal: | |
|---|---|
| Formato: | Electrónico eBook |
| Idioma: | Inglés |
| Publicado: |
Ithaca [New York] :
Cornell University Press,
[2019]
|
| Colección: | Book collections on Project MUSE.
|
| Temas: |
Climat
> Changements
> Attenuation
> Politique gouvernementale
> Ontario
> Toronto
> Études de cas.
Climat
> Changements
> Attenuation
> Politique gouvernementale
> Californie
> Los Angeles
> Études de cas.
|
| Acceso en línea: | Texto completo |
MARC
| LEADER | 00000cam a22000004a 4500 | ||
|---|---|---|---|
| 001 | musev2_68552 | ||
| 003 | MdBmJHUP | ||
| 005 | 20230905051104.0 | ||
| 006 | m o d | ||
| 007 | cr||||||||nn|n | ||
| 008 | 190103s2019 nyu o 00 0 eng d | ||
| 010 | |z 2019000200 | ||
| 020 | |a 9781501740428 | ||
| 020 | |z 9781501740411 | ||
| 020 | |z 9781501740435 | ||
| 035 | |a (OCoLC)1081336494 | ||
| 040 | |a MdBmJHUP |c MdBmJHUP | ||
| 100 | 1 | |a Hughes, Sara, |d 1981- |e author. | |
| 245 | 1 | 0 | |a Repowering Cities : |b Governing Climate Change Mitigation in New York City, Los Angeles, and Toronto / |c Sara Hughes. |
| 264 | 1 | |a Ithaca [New York] : |b Cornell University Press, |c [2019] | |
| 264 | 3 | |a Baltimore, Md. : |b Project MUSE, |c 2020 | |
| 264 | 4 | |c ©[2019] | |
| 300 | |a 1 online resource (224 pages): |b illustrations | ||
| 336 | |a text |b txt |2 rdacontent | ||
| 337 | |a computer |b c |2 rdamedia | ||
| 338 | |a online resource |b cr |2 rdacarrier | ||
| 505 | 0 | |a Introduction : the shifting ambitions and positions of city governments -- Progress or pipe dream? : cities and climate change mitigation -- Evaluating urban governance : a three-part framework -- Made to measure : tracing unique climate policy agendas in New York City, Los Angeles, and Toronto -- The means behind the methods : governing strategies to reduce greenhouse gas emissions -- Are we there yet? : identifying and evaluating urban progress on climate change mitigation -- Conclusion : prospects and consequences of repowering cities. | |
| 520 | |a "Provides a framework and analysis of urban climate change governance and identifies strategies for moving from incremental to transformative change in cities"-- |c Provided by publisher. | ||
| 588 | |a Description based on print version record. | ||
| 650 | 7 | |a SCIENCE |x Global Warming & Climate Change. |2 bisacsh | |
| 650 | 6 | |a Climat |x Changements |x Attenuation |x Politique gouvernementale |z Ontario |z Toronto |v Études de cas. | |
| 650 | 6 | |a Climat |x Changements |x Attenuation |x Politique gouvernementale |z Californie |z Los Angeles |v Études de cas. | |
| 650 | 6 | |a Climat |x Changements |x Attenuation |x Politique gouvernementale |z New York (État) |z New York |v Études de cas. | |
| 650 | 0 | |a Climate change mitigation |x Government policy |z Ontario |z Toronto |v Case studies. | |
| 650 | 0 | |a Climate change mitigation |x Government policy |z California |z Los Angeles |v Case studies. | |
| 650 | 0 | |a Climate change mitigation |x Government policy |z New York (State) |z New York |v Case studies. | |
| 651 | 7 | |a Ontario |z Toronto. |2 fast |0 (OCoLC)fst01205798 | |
| 651 | 7 | |a New York (State) |z New York. |2 fast |0 (OCoLC)fst01204333 | |
| 651 | 7 | |a California |z Los Angeles. |2 fast |0 (OCoLC)fst01204540 | |
| 655 | 7 | |a Case studies. |2 fast |0 (OCoLC)fst01423765 | |
| 655 | 7 | |a Electronic books. |2 local | |
| 710 | 2 | |a Project Muse. |e distributor | |
| 830 | 0 | |a Book collections on Project MUSE. | |
| 856 | 4 | 0 | |z Texto completo |u https://projectmuse.uam.elogim.com/book/68552/ |
| 945 | |a Project MUSE - Custom Collection | ||
| 945 | |a Project MUSE - 2020 Complete | ||
| 945 | |a Project MUSE - 2020 Political Science and Policy Studies | ||


